000 00582nam a22002297a 4500
003 UA-OsUOA
001 30144
007 ta
008 20041105b un ||||| |||| 00| 0 ukr d
090 _a913(569.4)
_bГ72
942 _cBK
040 _aUA-OsUOA
_brus
_cUA-OsUOA
_dUA-OsUOA
245 _aГосударство Израиль
_bСправочник
_cРед. В.В.Беневоленский
300 _a276 с.
955 _a0
041 _arus
080 _a913(569.4)
260 _aМосква
_bНаука
_c1986
044 _aRU
650 7 _2UDC
999 _c316551
_d316551